000 00683nam a2200289Ia 4500
005 20260324124912.0
008 008 260324s9999 xx 000 0 eng d
020 _a9781315601137
037 _aEBOOK
040 _aCRL
040 _beng
040 _cCRL
041 _2eng
041 _aeng
084 _qCRL
100 _aKathy Burrell
_91175935
245 0 _aPolish Migration to the UK in the 'New' European Union
245 0 _bAfter 2004
260 _bTaylor and Francis
260 _c2009
365 _a
365 _b150
856 _uhttp://www.taylorfrancis.com/books/9781315601137
942 _cEBOOK
999 _c1770728
_d1770728